[Event "Lansing (Mini-Swiss.3/2)"]
[Site "?"]
[Date "1990.??.??"]
[Round "?"]
[White "June, Brian"]
[Black "McIntosh, S."]
[Result "0-1"]
[WhiteElo "1805"]
[BlackElo "1730"]
[PlyCount "71"]
[EventDate "1990.??.??"]

{3/(2)} 1. d4 Nf6 2. Nf3 e6 3. e3 d5 4. Bd3 Be7 5. Nbd2 O-O 6. O-O b6 7. e4
dxe4 8. Nxe4 Bb7 9. Qe2 Nbd7 10. Bf4 Nxe4 11. Bxe4 Bxe4 12. Qxe4 Nf6 13. Qc6
Bd6 14. Be5 Qd7 15. Qc4 Nd5 16. Qd3 f6 17. Bxd6 Qxd6 18. Rfe1 Rfe8 19. c4 Nf4
20. Qe4 Ng6 21. Rad1 Rad8 22. g3 Re7 23. h4 e5 24. dxe5 Qxd1 25. Rxd1 Rxd1+ 26.
Kg2 Nxe5 27. Qa8+ Kf7 28. Nxe5+ Rxe5 29. Qxa7 Re7 30. Qa4 Rd2 31. Qb3 Ree2 32.
c5+ Kf8 33. cxb6 Rxf2+ 34. Kh3 Rxb2 35. Qxb2 Rxb2 36. a4 0-1

[Event "Detroit (RVO/3)"]
[Site "?"]
[Date "1990.??.??"]
[Round "?"]
[White "June, Brian"]
[Black "McGinniss, M."]
[Result "1-0"]
[WhiteElo "1765"]
[BlackElo "1605"]
[PlyCount "83"]
[EventDate "1990.??.??"]

1. d4 d5 2. Nf3 Nf6 3. e3 Bg4 4. Nbd2 e6 5. c4 c6 6. Qb3 Qc7 7. Ne5 Bf5 8. Be2
h5 9. O-O Nbd7 10. f4 Nxe5 11. fxe5 Ne4 12. Nxe4 Bxe4 13. Qd1 h4 14. Qe1 Rh6
15. cxd5 Bxd5 16. e4 Bxe4 17. Bxh6 gxh6 18. Bh5 Bf5 19. Rc1 Qb6 20. Qf2 Be7 21.
Kh1 Rd8 22. Rfd1 Rd5 23. b3 Rxe5 24. Qf4 Rd5 25. Qxh6 Qd8 26. Qg7 Bg6 27. Bxg6
fxg6 28. Qxg6+ Kd7 29. Re1 Bf6 30. Rf1 Be7 31. Rce1 Bb4 32. Rf7+ Kc8 33. Qxe6+
Rd7 34. Ref1 Kc7 35. d5 Rxf7 36. Rxf7+ Kb6 37. Qd7 Qxd7 38. Rxd7 cxd5 39. Rxd5
Be7 40. Kg1 Kc6 41. Rh5 a5 42. Rxa5 1-0

[Event "Detroit (MI Op/7/20)"]
[Site "?"]
[Date "1990.??.??"]
[Round "?"]
[White "June, Brian"]
[Black "Lehotzky, Attila"]
[Result "0-1"]
[WhiteElo "1865"]
[BlackElo "2075"]
[PlyCount "84"]
[EventDate "1990.??.??"]

{7/(20)} 1. d4 Nf6 2. Nf3 d5 3. e3 e6 4. Bd3 c5 5. b3 Nc6 6. O-O cxd4 7. exd4
a6 8. c3 Be7 9. Re1 b6 10. Bf4 Nh5 11. Be5 Nxe5 12. Nxe5 Nf6 13. Nd2 Bb7 14.
Qe2 Ba3 15. Ndf3 Ne4 16. c4 O-O 17. Qc2 f5 18. Nd2 Rc8 19. f3 Nxd2 20. Qxd2 a5
21. Red1 Bb4 22. Qe2 Bc3 23. Rac1 Bxd4+ 24. Kh1 Bc5 25. cxd5 exd5 26. Bb5 Qe7
27. f4 Ba3 28. Rc2 Rxc2 29. Qxc2 Qc5 30. Qxc5 Bxc5 31. Bd7 Rf6 32. Re1 d4 33.
Nf3 Be4 34. Bb5 d3 35. Nd2 Rd6 36. h3 Bf2 37. Nxe4 fxe4 38. Rd1 e3 39. Bxd3
Rxd3 40. Rxd3 e2 41. Rd8+ Kf7 42. Rd7+ Ke6 0-1

[Event "Detroit (MI Op/2/13)"]
[Site "?"]
[Date "1990.??.??"]
[Round "?"]
[White "June, Brian"]
[Black "Laren, Philip"]
[Result "0-1"]
[WhiteElo "1865"]
[BlackElo "2175"]
[PlyCount "88"]
[EventDate "1990.??.??"]

{2/(13)} 1. d4 d5 2. Nf3 c5 3. e3 e6 4. b3 cxd4 5. exd4 Nf6 6. Bd3 Bb4+ 7. c3
Bd6 8. Qe2 Qe7 9. Ne5 Nc6 10. f4 Bd7 11. O-O O-O 12. Nd2 Ne8 13. Ndf3 g6 14.
Bd2 f6 15. Nxd7 Qxd7 16. Rae1 Ng7 17. Kh1 Rae8 18. Qd1 a6 19. Nh4 b5 20. Re3
Ne7 21. Qg4 Nef5 22. Nxf5 exf5 23. Qf3 Rxe3 24. Bxe3 Bb8 25. c4 Ne6 26. c5 Nd8
27. Ra1 Qe6 28. Kg1 Nc6 29. Bf2 Bc7 30. Re1 Qd7 31. Qe3 Kf7 32. g3 Ba5 33. Re2
Bc3 34. Bxb5 axb5 35. Qxc3 Ra8 36. Qd3 Nb4 37. Qb1 Qa7 38. Qe1 Nxa2 39. Re6 b4
40. Rd6 Rd8 41. Qf1 Nc3 42. Qa6 Qe7 43. Kf1 Kg7 44. Rb6 Qe4 $138 0-1

[Event "Lansing (MI Am/2/5)"]
[Site "?"]
[Date "1990.??.??"]
[Round "?"]
[White "June, Brian"]
[Black "LaFata, Sam"]
[Result "0-1"]
[WhiteElo "1745"]
[BlackElo "1955"]
[PlyCount "116"]
[EventDate "1990.??.??"]

{2/(5)} 1. d4 d5 2. Nf3 Nf6 3. e3 c5 4. b3 Nc6 5. Bb2 Bg4 6. Nbd2 cxd4 7. exd4
e6 8. Be2 Qa5 9. O-O Ba3 10. Bxa3 Qxa3 11. c4 O-O 12. h3 Bh5 13. Qc1 Qa5 14. a3
dxc4 15. Bxc4 Rfd8 16. b4 Qb6 17. g4 Bg6 18. Nb3 Be4 19. Ne5 Nxd4 20. Nc5 Nf3+
21. Nxf3 Bxf3 22. Qf4 Bd5 23. Bd3 Qd6 24. Qxd6 Rxd6 25. g5 Ne8 26. Ne4 Rdd8 27.
Rac1 Rac8 28. f3 Bc6 29. Rc3 Nc7 30. Rfc1 Nd5 31. Rc5 Rb8 32. b5 Be8 33. a4 Kf8
34. Bf1 Ke7 35. Kf2 Bd7 36. Nc3 Nxc3 37. R5xc3 Rbc8 38. Ke3 Rxc3+ 39. Rxc3 Rc8
40. Bc4 Rc5 41. h4 f6 42. f4 e5 43. fxe5 Rxe5+ 44. Kd4 Kd6 45. gxf6 gxf6 46.
Rf3 f5 47. Bg8 h6 48. Bh7 Re4+ 49. Kc3 Rxa4 50. Kb3 Rxh4 51. Bxf5 Bxb5 52. Bg6
Kc5 53. Rf5+ Kb6 54. Bf7 Rh3+ 55. Kb2 Bc6 56. Re5 a5 57. Be6 Rh2+ 58. Ka3 h5
0-1

[Event "Flint (Class B/1)"]
[Site "?"]
[Date "1990.??.??"]
[Round "?"]
[White "June, Brian"]
[Black "Foord, Allan"]
[Result "0-1"]
[WhiteElo "1720"]
[BlackElo "1680"]
[PlyCount "102"]
[EventDate "1990.??.??"]

1. d4 Nf6 2. Nf3 d5 3. e3 e6 4. Bd3 c5 5. b3 Nc6 6. Nbd2 Qc7 7. a3 Bd6 8. O-O
O-O 9. Bb2 e5 10. dxe5 Nxe5 11. h3 Nxd3 12. cxd3 Bf5 13. Qe2 Qe7 14. Nh4 Be6
15. Qf3 Nd7 16. Nf5 Bxf5 17. Qxf5 Ne5 18. d4 g6 19. Qb1 Nd7 20. Qd1 Rac8 21.
Nf3 c4 22. bxc4 Rxc4 23. Qb3 Rfc8 24. Rfc1 Nb6 25. Rxc4 Rxc4 26. a4 Qc7 27. Kf1
Rb4 28. Qc3 Qxc3 29. Bxc3 Rxa4 30. Rb1 Rc4 31. Ba5 Bc7 32. Rb5 a6 33. Rxb6 Bxb6
34. Bxb6 Rc6 35. Bd8 b5 36. Ba5 Rc4 37. Nd2 Ra4 38. Nb3 Ra3 39. Ke2 Rxb3 40.
Kd2 Rb2+ 41. Kc3 Rxf2 42. Kb4 Rxg2 43. Kc5 Rg3 44. Kxd5 Rxe3 45. Kd6 Ra3 46.
Bb4 Rxh3 47. d5 Rb3 48. Kc5 Rxb4 49. Kxb4 Kf8 50. Ka5 Ke7 51. Kxa6 b4 0-1

[Event "Detroit (RVO/4)"]
[Site "?"]
[Date "1990.??.??"]
[Round "?"]
[White "June, Brian"]
[Black "Dowling, John"]
[Result "0-1"]
[WhiteElo "1765"]
[BlackElo "2185"]
[PlyCount "76"]
[EventDate "1990.??.??"]

1. d4 Nf6 2. Nf3 g6 3. c4 Bg7 4. Nc3 O-O 5. e3 d6 6. Be2 Nbd7 7. b4 e5 8. a4 c6
9. Ba3 exd4 10. exd4 d5 11. O-O dxc4 12. Bxc4 Nb6 13. Ba2 Bg4 14. h3 Bxf3 15.
Qxf3 Qxd4 16. Rad1 Qe5 17. Rfe1 Qc7 18. a5 Nc8 19. b5 c5 20. a6 Nd6 21. Nd5
Nxd5 22. Bxd5 Rab8 23. Bc1 bxa6 24. Bf4 Rbd8 25. Qg3 Bd4 26. bxa6 Qb6 27. Qg5
Qxa6 28. Rxd4 cxd4 29. Qf6 Qa5 30. Re5 Ne8 31. Rxe8 Rdxe8 32. Bh6 Qe1+ 33. Kh2
Qe5+ 34. Qxe5 Rxe5 35. Bc4 Rc8 36. Ba6 Rc6 37. Bb7 Rb6 38. Bf3 g5 0-1

[Event "Detroit (MCO/5/8)"]
[Site "?"]
[Date "1990.??.??"]
[Round "?"]
[White "June, Brian"]
[Black "Chehayeb, Sal"]
[Result "1-0"]
[WhiteElo "1835"]
[BlackElo "2150"]
[PlyCount "67"]
[EventDate "1990.??.??"]

{5/(8)} 1. d4 Nf6 2. Nf3 d5 3. e3 Bf5 4. c4 e6 5. cxd5 exd5 6. Qb3 b6 7. Nc3 c6
8. Bd2 Bd6 9. Rc1 O-O 10. Be2 Re8 11. O-O Nbd7 12. h3 Rc8 13. Na4 Ne4 14. Bb4
b5 15. Nc5 Ndxc5 16. dxc5 Bb8 17. g4 Bd7 18. Qd1 Re6 19. Qd4 Qc7 20. Rfd1 Rh6
21. Bf1 Re8 22. Bg2 f5 23. g5 Rg6 24. h4 h6 25. h5 Rxg5 26. Nxg5 Qh2+ 27. Kf1
hxg5 28. Bxe4 Rxe4 29. Qc3 f4 30. h6 Bh3+ 31. Ke1 Qg1+ 32. Kd2 Qxf2+ 33. Kd3
Bf5 34. Qxg7# 1-0

[Event "Lansing (Feb)"]
[Site "?"]
[Date "1990.??.??"]
[Round "?"]
[White "June, Brian"]
[Black "Brattin, Brian"]
[Result "1/2-1/2"]
[WhiteElo "1755"]
[BlackElo "1835"]
[PlyCount "58"]
[EventDate "1990.??.??"]

1. d4 e6 2. Nf3 d5 3. e3 b6 4. c4 Bd6 5. cxd5 exd5 6. Nc3 Nf6 7. Bd2 c6 8. Bd3
O-O 9. O-O Bb7 10. Qc2 Nbd7 11. Rac1 Rc8 12. e4 dxe4 13. Nxe4 Nxe4 14. Bxe4 Nf6
15. Bf5 Rc7 16. Rfe1 c5 17. Qd1 Re8 18. dxc5 Bxc5 19. Rxe8+ Qxe8 20. b4 Bd6 21.
Rxc7 Bxc7 22. Bc3 Nd5 23. Bb2 Bd8 24. a3 Bf6 25. Bxf6 Nxf6 26. h3 Qa8 27. Ne1
g6 28. Bc2 Qe8 29. Bb3 Bd5 1/2-1/2

[Event "Detroit (MI Op/7/36)"]
[Site "?"]
[Date "1990.??.??"]
[Round "?"]
[White "Jost, A."]
[Black "Sanborn, Richard"]
[Result "0-1"]
[WhiteElo "1825"]
[BlackElo "1885"]
[PlyCount "104"]
[EventDate "1990.??.??"]

{7/(36)} 1. c4 e5 2. Nc3 Bc5 3. e3 Nc6 4. a3 a5 5. d3 d6 6. Nf3 Bg4 7. Be2 Nge7
8. Nxe5 Bxe2 9. Nxc6 Bxd1 10. Nxd8 Bg4 11. Nxb7 Bb6 12. Nb5 Kd7 13. Nxa5 Bxa5+
14. Bd2 Bxd2+ 15. Kxd2 g5 16. b4 f5 17. Nc3 c6 18. a4 Rhb8 19. b5 cxb5 20. cxb5
f4 21. a5 fxe3+ 22. fxe3 Be6 23. b6 Bd5 24. e4 Bb7 25. Ra2 Nc6 26. Rha1 Nb4 27.
Ra4 Na6 28. d4 Rf8 29. Ke3 Rf7 30. R4a2 Raf8 31. d5 Nb4 32. Rb2 Na6 33. Nb5 Rf1
34. Rxf1 Rxf1 35. Rf2 Rxf2 36. Kxf2 Nc5 37. Nc7 Nxe4+ 38. Kf3 Nf6 39. a6 Bxd5+
40. Nxd5 Nxd5 41. b7 Kc7 42. Kg4 Nb4 43. Kxg5 Nxa6 44. Kf4 Kxb7 45. g4 Kc6 46.
g5 Nc7 47. h4 Kd7 48. h5 Ke7 49. Ke4 Ke6 50. Kd4 Kf5 51. g6 hxg6 52. h6 Kf6 0-1

[Event "Detroit (MI Op/5/39)"]
[Site "?"]
[Date "1990.??.??"]
[Round "?"]
[White "Jost, A."]
[Black "Manion, Tom"]
[Result "0-1"]
[WhiteElo "1825"]
[BlackElo "1915"]
[PlyCount "70"]
[EventDate "1990.??.??"]

{5/(39)} 1. c4 e5 2. a3 b6 3. Nc3 Nf6 4. d3 d5 5. cxd5 Nxd5 6. Nxd5 Qxd5 7. e3
Bb7 8. Nf3 Nd7 9. Be2 O-O-O 10. O-O f5 11. Qa4 Kb8 12. Rd1 Nc5 13. Qc2 Ne6 14.
Bd2 Be7 15. b4 g5 16. Bc3 g4 17. e4 fxe4 18. dxe4 Qc6 19. Nxe5 Qe8 20. Bxg4 Bd6
21. Nc4 Rg8 22. Nxd6 cxd6 23. f3 h5 24. Bf5 Nf4 25. Rd2 d5 26. Bh7 Rh8 27. Bxh8
Qxh8 28. Rad1 Qe5 29. g3 Rg8 30. Kf2 dxe4 31. fxe4 h4 32. Rd7 hxg3+ 33. Kf1
Ba6+ 34. b5 Bxb5+ 35. Ke1 gxh2 0-1

[Event "Detroit (MI Op/3/28)"]
[Site "?"]
[Date "1990.??.??"]
[Round "?"]
[White "Jost, A."]
[Black "Conley, Steve"]
[Result "0-1"]
[WhiteElo "1825"]
[BlackElo "1975"]
[PlyCount "96"]
[EventDate "1990.??.??"]

{3/(28)} 1. c4 Nf6 2. Nc3 e6 3. d3 b6 4. Nf3 Bb7 5. e3 Bb4 6. Bd2 O-O 7. a3 Be7
8. Be2 d5 9. cxd5 exd5 10. O-O c5 11. Rc1 d4 12. exd4 cxd4 13. Nb5 Nc6 14. Rc4
a6 15. Nbxd4 Nxd4 16. Rxd4 Qc7 17. Bf4 Qc6 18. Qb3 b5 19. Rc1 Qb6 20. Bc7 Qa7
21. Rf4 Rac8 22. Qd1 Bxf3 23. Bxf3 Rxc7 24. Rb1 Rfc8 25. d4 Rc2 26. g4 Qc7 27.
Rf5 Rc1 28. Rxc1 Qxc1 29. Qxc1 Rxc1+ 30. Kg2 Rc7 31. g5 Ne8 32. d5 Nd6 33. Re5
Kf8 34. h4 Rc2 35. b3 Ra2 36. Bd1 Rxa3 37. Re2 Ra1 38. Bc2 Ra2 39. f4 Nf5 40.
Bxf5 Rxe2+ 41. Kf3 Rb2 42. Bxh7 Rxb3+ 43. Kg4 a5 44. h5 a4 45. h6 gxh6 46. gxh6
a3 47. Bc2 Rb2 48. h7 Kg7 0-1

[Event "Detroit (MI Op/1a/21)"]
[Site "?"]
[Date "1990.??.??"]
[Round "?"]
[White "Jost, A."]
[Black "Bailey, Greg"]
[Result "1/2-1/2"]
[WhiteElo "1825"]
[BlackElo "2070"]
[PlyCount "36"]
[EventDate "1990.??.??"]

1. c4 Nf6 2. Nc3 e6 3. a3 d5 4. cxd5 exd5 5. e3 d4 6. Qa4+ Nc6 7. Nce2 Bc5 8.
Nf3 dxe3 9. dxe3 O-O 10. Nc3 a6 11. Be2 Bf5 12. O-O b5 13. Nxb5 axb5 14. Qxb5
Qd6 15. Rd1 Na7 16. Rxd6 Nxb5 17. Rc6 Bb6 18. Bxb5 Bd7 1/2-1/2

[Event "Flint (Class B/4)"]
[Site "?"]
[Date "1990.??.??"]
[Round "?"]
[White "Jordan, Willie"]
[Black "Rosenberg, Steve"]
[Result "0-1"]
[WhiteElo "1685"]
[BlackElo "1740"]
[PlyCount "60"]
[EventDate "1990.??.??"]

1. d4 Nf6 2. c4 g6 3. Nc3 Bg7 4. e4 d6 5. Bd3 Nc6 6. Nge2 O-O 7. a3 e5 8. d5
Nd4 9. Nxd4 exd4 10. Ne2 Qe7 11. f3 Nh5 12. g4 Qh4+ 13. Kf1 Nf6 14. Bf4 h5 15.
h3 hxg4 16. Bg3 Qh6 17. fxg4 Nxg4 18. hxg4 Qxh1+ 19. Ng1 Qh6 20. Kg2 Qg5 21.
Be2 Qe3 22. Bf3 d3 23. Bf2 Qf4 24. Bg3 Qf6 25. Qxd3 Qxb2+ 26. Ne2 Qxa1 27. Nf4
Qb2+ 28. Bf2 Bh6 29. Kg3 Bxf4+ 30. Kxf4 Qxf2 0-1

[Event "Flint (Class B/2)"]
[Site "?"]
[Date "1990.??.??"]
[Round "?"]
[White "Jordan, Willie"]
[Black "Durkee, David"]
[Result "1-0"]
[WhiteElo "1685"]
[BlackElo "1780"]
[PlyCount "45"]
[EventDate "1990.??.??"]

1. d4 Nf6 2. c4 g6 3. Nc3 d5 4. cxd5 Nxd5 5. e4 Nxc3 6. bxc3 c5 7. Nf3 Nc6 8.
Bc4 Bg4 9. Bxf7+ Kxf7 10. Ng5+ Ke8 11. Qxg4 cxd4 12. Qe6 Qa5 13. Qf7+ Kd7 14.
Qe6+ Ke8 15. O-O dxc3 16. Qf7+ Kd7 17. Rd1+ Kc8 18. Qe8+ Nd8 19. Ne6 Bg7 20.
Qd7+ Kb8 21. Bf4+ Be5 22. Bxe5+ Qxe5 23. Qxd8+ 1-0

[Event "Flint (Class B/4)"]
[Site "?"]
[Date "1990.??.??"]
[Round "?"]
[White "Jones, Linston"]
[Black "Moore, Robert"]
[Result "1/2-1/2"]
[WhiteElo "1695"]
[BlackElo "1765"]
[PlyCount "85"]
[EventDate "1990.??.??"]

1. e4 c5 2. c4 d6 3. Nf3 g6 4. d4 cxd4 5. Nxd4 Nf6 6. Nc3 b6 7. Bd3 Bg7 8. Nf3
O-O 9. Qc2 Nc6 10. h3 Nb4 11. Qe2 e6 12. a3 Nxd3+ 13. Qxd3 d5 14. cxd5 exd5 15.
e5 Bf5 16. Qd1 Nd7 17. O-O Nxe5 18. Nxe5 Bxe5 19. Qxd5 Bxc3 20. Qxd8 Rfxd8 21.
bxc3 Rac8 22. Bg5 Rd6 23. Rfc1 f6 24. Be3 Kf7 25. Bd4 Re8 26. Re1 Rde6 27. Be3
Bc2 28. Rac1 Ba4 29. c4 Re4 30. c5 f5 31. Bd2 Rxe1+ 32. Bxe1 Re4 33. Bb4 Rd4
34. f3 Rd1+ 35. Rxd1 Bxd1 36. Kf2 Ke6 37. Ke3 Ba4 38. g4 Bc6 39. g5 Kd5 40. h4
Kc4 41. Kf4 Kd4 42. Kg3 Ke3 43. f4 1/2-1/2

[Event "Flint (Class B/2)"]
[Site "?"]
[Date "1990.??.??"]
[Round "?"]
[White "Jones, Linston"]
[Black "June, Brian"]
[Result "0-1"]
[WhiteElo "1695"]
[BlackElo "1720"]
[PlyCount "138"]
[EventDate "1990.??.??"]

1. e4 c5 2. Nf3 Nc6 3. c4 g6 4. d4 cxd4 5. Nxd4 Bg7 6. Nxc6 bxc6 7. Qc2 d6 8.
Be2 Qb6 9. Nc3 Rb8 10. b3 Nf6 11. O-O O-O 12. Be3 Qc7 13. f3 Qa5 14. Rac1 Nd7
15. Qd2 Ne5 16. Qe1 Be6 17. f4 Ng4 18. Bxg4 Bxg4 19. Na4 Qxe1 20. Rcxe1 c5 21.
Rc1 Rb7 22. Nc3 Bd7 23. Ne2 a5 24. Nc3 Rfb8 25. h3 Bc6 26. Nd5 a4 27. bxa4 Bxa4
28. e5 Bc6 29. Nc3 Rb2 30. Rf2 Bh6 31. exd6 exd6 32. Rfc2 Rxc2 33. Rxc2 Bg7 34.
Nd5 Ba4 35. Rd2 Kf8 36. Kf2 Ke8 37. Nc7+ Ke7 38. Nd5+ Ke6 39. Nc7+ Ke7 40. Nd5+
Kd8 41. g4 Bd7 42. Kf3 Ra8 43. Nb6 Ra3 44. Nxd7 Kxd7 45. Ke4 Kc6 46. Rc2 Bc3
47. h4 Bf6 48. g5 Bc3 49. Rh2 f5+ 50. Kf3 Bd4 51. Re2 Kb6 52. Kf2 Bxe3+ 53.
Rxe3 Rxe3 54. Kxe3 Ka5 55. Kd2 Kb4 56. Kc2 Kxc4 57. a3 d5 58. Kb2 d4 59. a4 Kb4
60. Kc2 Kxa4 61. Kd3 Kb4 62. Kd2 c4 63. Kc2 d3+ 64. Kd2 Kb3 65. Kc1 Kc3 66. Kd1
Kd4 67. Kd2 c3+ 68. Kc1 Ke3 69. Kd1 c2+ 0-1

[Event "Flint (Class B/5)"]
[Site "?"]
[Date "1990.??.??"]
[Round "?"]
[White "Jones, Linston"]
[Black "Gregory, Kevin"]
[Result "0-1"]
[WhiteElo "1695"]
[BlackElo "1720"]
[PlyCount "112"]
[EventDate "1990.??.??"]

1. e4 c6 2. c4 d5 3. cxd5 cxd5 4. e5 e6 5. Nf3 Bc5 6. d4 Bb4+ 7. Bd2 Bxd2+ 8.
Nbxd2 Qb6 9. Qc2 Nc6 10. Nb3 Bd7 11. Be2 Rc8 12. Qd2 Qb4 13. O-O Qxd2 14. Nfxd2
Nge7 15. Nf3 Ng6 16. Nc5 Rc7 17. Bb5 a6 18. Nxd7 Kxd7 19. Bd3 Nf4 20. Rfd1 Nxd3
21. Rxd3 h6 22. a3 Rhc8 23. g3 Na5 24. b4 Rc3 25. Rad1 Rxd3 26. Rxd3 Rc1+ 27.
Kg2 Nc4 28. Nd2 Rd1 29. Rf3 Ke7 30. Nxc4 dxc4 31. Rc3 Rxd4 32. Kf3 b5 33. Ke3
Rd8 34. Ke2 g5 35. Rf3 g4 36. Re3 h5 37. Rc3 Kf8 38. f4 gxf3+ 39. Rxf3 Kg7 40.
Rc3 Kg6 41. Rf3 Rd5 42. Re3 Kg5 43. h3 h4 44. g4 Rd3 45. Rxd3 cxd3+ 46. Kxd3
Kf4 47. Kd4 Kg3 48. Kc5 Kxh3 49. Kb6 Kxg4 50. Kxa6 h3 51. Kxb5 h2 52. a4 h1=Q
53. a5 Qb7+ 54. Ka4 Qc6+ 55. Kb3 Qb5 56. Ka3 Kf4 0-1

[Event "Lansing (Jan)"]
[Site "?"]
[Date "1990.??.??"]
[Round "?"]
[White "Jones, A."]
[Black "Sahul, Z."]
[Result "0-1"]
[WhiteElo "1605"]
[BlackElo "1635"]
[PlyCount "52"]
[EventDate "1990.??.??"]

1. d4 d5 2. e3 Nf6 3. Bd3 Nc6 4. Nd2 e5 5. c4 exd4 6. cxd5 Qxd5 7. e4 Qg5 8. g3
Bb4 9. Ngf3 Qh5 10. a3 Bxd2+ 11. Bxd2 Bg4 12. Qb3 Bxf3 13. Qxb7 O-O 14. Qxc6
Bxh1 15. Be2 Bf3 16. Bc4 Rae8 17. Bb4 Bxe4 18. Bxf7+ Qxf7 19. Qc1 Bf3+ 20. Kf1
Be2+ 21. Kg1 Ng4 22. f4 Qh5 23. h4 Ne3 24. Qc6 Qg4 25. Bxf8 Qxg3+ 26. Kh1 Bf3+
0-1

[Event "Detroit (RVO/5)"]
[Site "?"]
[Date "1990.??.??"]
[Round "?"]
[White "Jointer, William"]
[Black "Vaka, Flamur"]
[Result "1-0"]
[WhiteElo "1750"]
[BlackElo "1620"]
[PlyCount "57"]
[EventDate "1990.??.??"]

1. e4 e5 2. Nf3 Nc6 3. Bc4 h6 4. c3 Nf6 5. d3 d6 6. O-O Be7 7. Re1 O-O 8. d4
Bg4 9. Be3 Nxe4 10. h3 Bh5 11. g4 Bg6 12. Nbd2 Ng5 13. Kg2 Qd7 14. dxe5 dxe5
15. Bb5 Bf6 16. Nxg5 hxg5 17. Nf3 Rfd8 18. Qb3 a6 19. Bc4 Rac8 20. Rad1 Qe7 21.
Rxd8+ Qxd8 22. Rd1 Qe7 23. Bd5 Qe8 24. Bxg5 e4 25. Nh4 Bxg5 26. Nxg6 Kh7 27.
Bxf7 Qh8 28. Qd5 Bf6 29. Qh5# 1-0

[Event "Detroit (RVO/3)"]
[Site "?"]
[Date "1990.??.??"]
[Round "?"]
[White "Jointer, William"]
[Black "Sundeen, David"]
[Result "0-1"]
[WhiteElo "1750"]
[BlackElo "1700"]
[PlyCount "98"]
[EventDate "1990.??.??"]

1. e4 e5 2. f4 exf4 3. Nf3 d6 4. Bc4 Be6 5. Qe2 g5 6. O-O Bg7 7. d4 Bxc4 8.
Qxc4 Nc6 9. d5 Ne5 10. Nxe5 Bxe5 11. Qb5+ Ke7 12. Nd2 Bd4+ 13. Kh1 Nf6 14. Nf3
Bb6 15. h3 h6 16. b3 Rg8 17. Bb2 Nh5 18. Rfd1 f6 19. Ba3 Qd7 20. Qd3 g4 21. Nh4
Ng3+ 22. Kh2 gxh3 23. gxh3 Qe8 24. e5 fxe5 25. Nf5+ Kf6 26. Nxh6 Rg6 27. Ng4+
Ke7 28. Nxe5 Rh6 29. Re1 Rxh3+ 30. Kxh3 Qh5+ 31. Kg2 Rg8 32. Ng4+ Kf7 33. Rh1
Nxh1 34. Rxh1 Qxg4+ 35. Kf1 Qg2+ 36. Ke1 Qxh1+ 37. Kd2 Rg2+ 38. Kc3 Rg3 39. Kb4
Rxd3 40. cxd3 Qxd5 41. Kc3 Bd4+ 42. Kc2 Qg2+ 43. Kb1 Qf1+ 44. Kc2 Qe2+ 45. Kc1
Be3+ 46. Kb1 Qxd3+ 47. Kb2 Qd2+ 48. Kb1 Qd1+ 49. Kb2 Bd4# 0-1

[Event "Detroit (MOR/6/11)"]
[Site "?"]
[Date "1990.??.??"]
[Round "?"]
[White "Jointer, William"]
[Black "Rodriguez, Juan"]
[Result "1-0"]
[WhiteElo "1735"]
[BlackElo "1605"]
[PlyCount "81"]
[EventDate "1990.??.??"]

{6/(11)} 1. e4 c5 2. Nf3 Nc6 3. d4 cxd4 4. Nxd4 Nf6 5. Nc3 e5 6. Ndb5 d6 7. Bg5
a6 8. Bxf6 gxf6 9. Na3 b5 10. Nd5 f5 11. Bd3 Be6 12. c3 Bxd5 13. exd5 Ne7 14.
O-O Bg7 15. Re1 e4 16. Bb1 Qd7 17. f3 Qa7+ 18. Kh1 e3 19. Nc2 f4 20. g3 fxg3
21. hxg3 Qd7 22. Kg2 h5 23. Nxe3 O-O-O 24. a4 h4 25. g4 h3+ 26. Kh2 Be5+ 27.
Kh1 Qb7 28. axb5 Qxb5 29. Bd3 Qxb2 30. Bxa6+ Kd7 31. Qa4+ Kc7 32. Qc4+ Kd7 33.
Bb5+ Nc6 34. dxc6+ Ke7 35. Ra7+ Kf6 36. Qxf7+ Kg5 37. Qf5+ Kh4 38. Rh7+ Rxh7
39. Qxh7+ Kg3 40. Nf1+ Kxf3 41. Qe4+ 1-0

[Event "Detroit (MOR/1b/5)"]
[Site "?"]
[Date "1990.??.??"]
[Round "?"]
[White "Jointer, William"]
[Black "Kirkman-Bey, R."]
[Result "1-0"]
[WhiteElo "1735"]
[BlackElo "1605"]
[PlyCount "151"]
[EventDate "1990.??.??"]

1. e4 e5 2. f4 exf4 3. Nf3 Be7 4. Bc4 Bh4+ 5. g3 fxg3 6. O-O gxh2+ 7. Kh1 Nh6
8. d4 Ng4 9. Bxf7+ Kxf7 10. Nxh4+ Ke8 11. Qxg4 Qe7 12. Nf5 d6 13. Bg5 Bxf5 14.
Qxf5 Qd7 15. Nc3 Qxf5 16. Rxf5 Nc6 17. Raf1 h6 18. Be3 Rd8 19. Nb5 Rd7 20. e5
dxe5 21. dxe5 a6 22. Bc5 Ne7 23. Bxe7 Rxe7 24. Nc3 Kd8 25. Kxh2 Rhe8 26. Rf7
Rxe5 27. Rxg7 Rh5+ 28. Kg2 Rg5+ 29. Rxg5 hxg5 30. Rf5 Rg8 31. Kg3 Kd7 32. Kg4
Rh8 33. Ne4 Rh4+ 34. Kf3 Rh2 35. Rd5+ Ke6 36. Rd2 Rh5 37. Nc5+ Kf6 38. Nxb7
Rh3+ 39. Kg2 g4 40. Rd7 Kf5 41. Rxc7 Kf4 42. Rc4+ Kg5 43. Rc6 Re3 44. Nc5 Re2+
45. Kg3 Re3+ 46. Kf2 Rf3+ 47. Kg2 Kf5 48. Rxa6 Re3 49. Nb3 Kg5 50. Nd4 Re1 51.
Re6 Rb1 52. b3 Rb2 53. a4 Kf4 54. a5 Ra2 55. a6 Ra5 56. b4 Ra3 57. Ne2+ Kf5 58.
Rd6 Ke5 59. Rd3 Rxa6 60. Kg3 Rg6 61. Rd4 Rc6 62. c4 Ra6 63. b5 Ra2 64. Rd5+ Ke6
65. Nf4+ Ke7 66. Kxg4 Rb2 67. Kf5 Rb4 68. Ng6+ Ke8 69. Ne5 Ke7 70. Rd7+ Ke8 71.
Kf6 Rb1 72. Rb7 Kd8 73. b6 Rf1+ 74. Ke6 Kc8 75. Rc7+ Kb8 76. Nc6+ 1-0

[Event "Detroit (RVO/1)"]
[Site "?"]
[Date "1990.??.??"]
[Round "?"]
[White "Jointer, William"]
[Black "Faulknor, J."]
[Result "1-0"]
[WhiteElo "1750"]
[BlackElo "1605"]
[PlyCount "99"]
[EventDate "1990.??.??"]

1. e4 e5 2. f4 exf4 3. Nf3 d6 4. Bc4 Bg4 5. d4 Qf6 6. O-O g6 7. e5 dxe5 8. dxe5
Bc5+ 9. Kh1 Qf5 10. e6 Nh6 11. Nc3 O-O 12. exf7+ Nxf7 13. h3 Bxh3 14. gxh3
Qxh3+ 15. Nh2 Nc6 16. Bxf4 Bd4 17. Rf3 Qd7 18. Nd5 Qd8 19. Bxc7 Qg5 20. Qf1
Nce5 21. Nf6+ Kh8 22. Nxh7 Kxh7 23. Bxe5 Bxe5 24. Rxf7+ Bg7 25. Qh3+ Qh6 26.
Qxh6+ Kxh6 27. Ng4+ Kh7 28. Kg2 Rxf7 29. Bxf7 Bxb2 30. Rb1 Rf8 31. Bxg6+ Kxg6
32. Rxb2 b6 33. Rb5 Rd8 34. Ne5+ Kh7 35. Nd3 Rc8 36. Ne1 Re8 37. Kf2 Kg6 38.
Nf3 Rc8 39. Nd4 Rd8 40. Ke3 Re8+ 41. Kd3 Rd8 42. Re5 Rh8 43. Re7 Ra8 44. Nb5 a6
45. Nc7 Ra7 46. Nd5 Rxe7 47. Nxe7+ Kf7 48. Nd5 b5 49. Kd4 a5 50. Kc5 1-0

[Event "Detroit (MOR/5/53)"]
[Site "?"]
[Date "1990.??.??"]
[Round "?"]
[White "Johnson, P."]
[Black "Warren, S."]
[Result "0-1"]
[WhiteElo "1605"]
[BlackElo "1605"]
[PlyCount "104"]
[EventDate "1990.??.??"]

{5/(53)} 1. Nf3 e6 2. g3 d5 3. c3 c5 4. d4 Qb6 5. Na3 Nf6 6. Ne5 Bd6 7. e3 O-O
8. Bd3 Bxe5 9. dxe5 Nfd7 10. f4 g6 11. O-O Nc6 12. Kh1 Na5 13. b3 d4 14. b4
Qc6+ 15. Kg1 dxc3 16. bxa5 b6 17. Qc2 Bb7 18. a6 Qh1+ 19. Kf2 Qxh2+ 20. Ke1
Qxg3+ 21. Qf2 Qxf2+ 22. Rxf2 Bc6 23. Bb5 Bxb5 24. Nxb5 Rad8 25. Nd6 Nb8 26. Rc2
h6 27. Rxc3 f6 28. Nb7 Rd5 29. exf6 Rxf6 30. Bb2 h5 31. Ra3 Rff5 32. Rd1 Rxd1+
33. Kxd1 h4 34. Be5 Nc6 35. Nd6 Rh5 36. e4 Nxe5 37. fxe5 g5 38. Rf3 g4 39. Rf6
g3 40. Rxe6 Rg5 41. Re8+ Kh7 42. Nf5 g2 43. Re7+ Kg8 44. Re8+ Kh7 45. Re7+ Kg8
46. Re8+ Kf7 47. Re7+ Kf8 48. Kc2 g1=Q 49. Rxa7 Rg2+ 50. Kc3 Qe1+ 51. Kc4 Qxe4+
52. Kb5 Rb2# 0-1

[Event "Detroit (RVO/1)"]
[Site "?"]
[Date "1990.??.??"]
[Round "?"]
[White "Johnson, P."]
[Black "McIntosh, S."]
[Result "0-1"]
[WhiteElo "1605"]
[BlackElo "1755"]
[PlyCount "58"]
[EventDate "1990.??.??"]

1. Nf3 d5 2. c4 c6 3. b3 Bf5 4. Na3 Nf6 5. Nd4 Bg6 6. g3 e5 7. Nf3 Bd6 8. Bb2
Qe7 9. Nc2 O-O 10. cxd5 cxd5 11. Bg2 Nc6 12. O-O Rac8 13. Rc1 Rc7 14. Ne3 Rd8
15. Nh4 Bc5 16. Nxg6 hxg6 17. Kh1 Nd4 18. Nc2 Nf5 19. e3 d4 20. exd4 Nxd4 21.
Nxd4 Bxd4 22. Rxc7 Qxc7 23. Bxd4 Rxd4 24. Re1 Qd6 25. Re2 b6 26. Qc2 Rd3 27. f4
exf4 28. gxf4 Qd4 29. b4 Qa1+ 0-1

[Event "Detroit (RVO/4)"]
[Site "?"]
[Date "1990.??.??"]
[Round "?"]
[White "Johnson, P."]
[Black "Householder, James"]
[Result "1/2-1/2"]
[WhiteElo "1605"]
[BlackElo "1605"]
[PlyCount "65"]
[EventDate "1990.??.??"]

1. Nf3 g6 2. g3 Bg7 3. c3 b6 4. Bg2 Bb7 5. O-O Nf6 6. d3 d6 7. Nbd2 O-O 8. Re1
Nbd7 9. e4 Rb8 10. Nf1 Ng4 11. h3 Nge5 12. Nxe5 Nxe5 13. f4 Nd7 14. Be3 f5 15.
Bf2 fxe4 16. dxe4 e5 17. fxe5 Nxe5 18. Ne3 Qf6 19. Rf1 Nf3+ 20. Bxf3 Qxf3 21.
Qxf3 Rxf3 22. Nd5 Bxd5 23. exd5 Rbf8 24. Rae1 Be5 25. Kg2 g5 26. Re3 R3f7 27.
g4 Kg7 28. Ree1 Kg6 29. Bd4 Rxf1 30. Rxf1 Rxf1 31. Kxf1 Bxd4 32. cxd4 h5 33.
Ke2 1/2-1/2